Score 0/17 Timer 04:00
6 Plays Today
Capital, Country % Correct
Lima, Peru
78.1%
Rome, Italy
74.9%
Tokyo, Japan
66.8%
Oslo, Norway
63.5%
Cairo, Egypt
60.1%
Havana, Cuba
48.7%
Tehran, Iran
47.4%
Riga, Latvia
44.1%
Suva, Fiji
42.1%
Capital, Country % Correct
Muscat, Oman
38.3%
Lomé, Togo
37.9%
Doha, Qatar
37.3%
Sana'a, Yemen
35.8%
Accra, Ghana
34.6%
Apia, Samoa
33.8%
Bamako, Mali
24.2%
Yaren, Nauru
18.2%
Remove Ads.
Support Sporcle.
Get the best of Sporcle when you Go Orange. This ad-free experience offers more features, more stats, and more fun while also helping to support Sporcle. Thank you for becoming a member.

You're not logged in!

Compare scores with friends on all Sporcle quizzes.
OR
Log In

Show Comments

Extras

Top Quizzes Today


Score Distribution

Your Account Isn't Verified!

In order to create a playlist on Sporcle, you need to verify the email address you used during registration. Go to your Sporcle Settings to finish the process.

Report this User

Report this user for behavior that violates our Community Guidelines.

Details: